000 00703nam a2200253Ia 4500
003 OSt
005 20221005115108.0
006 a|||||r|||| 00| 0
007 ta
008 221004b |||||||| |||| 00| 0 eng d
024 _a61740
037 _cTextual
040 _aCRL
_cCRL
_beng
041 _2eng
_aeng
082 _aR8465xF35:26, H9
100 _aMaimonides
_9627103
245 0 _aBook of judges Tr. by Abraham M. Hershman
260 _c1949
300 _avp.
_ccm.
490 _a(Yale judaica series,ed. by Julian Oberman etc.,3).. (Code of Maimonides,14).
650 _aPHILOSOPHY
942 _hR8465xF35:26, H9
_cTEXL
_2cc
999 _c1033398
_d1033398